| 000 | 00606nam a2200205 a 4500 | ||
|---|---|---|---|
| 005 | 20140310183452.0 | ||
| 008 | 090310s19uu xx 00 eng d | ||
| 020 | _a9780071254175 | ||
| 050 |
_aHG 4015.5 _b.B78 2007 |
||
| 100 | _aBruner, Robert F. | ||
| 245 |
_aCase studies in finance : _bmanaging for corporate value creation / _cRobert F. Bruner |
||
| 250 | _a5th ed. | ||
| 260 |
_aBoston, U.S.A : _bMcGraw-Hill, _c2007. |
||
| 300 |
_a785 p. : _bill. ; _c24 cm. |
||
| 521 | _aBSBA | ||
| 650 | _aBSBA. | ||
| 650 |
_aCorporations _xFinance _xCase Studies. |
||
| 942 |
_cBK _2lcc _kFOR |
||
| 999 |
_c23466 _d23466 |
||